000 00894nam a2200265 i 4500
003 DO-SdBNP
005 20230622113404.0
007 ta
008 230609b2022 dr ||||| |||| 00| 0 spa d
020 _a9789945510294
040 _aDO-SdBNP
_bspa
_cBNPHU
_erda
082 4 _222
_bO77r
100 _922089
_aZeller, Neici,
_d1866-1903
_eautor
245 1 0 _aRosas del desierto :
_bescritos varios /
_cVirginia Elena Ortea ; selección y prólogo Neici M. Zeller
264 1 _aSanto Domingo :
_bNacional,
_c2022.
300 _a144 páginas ;
_c22 cm.
336 _2rdacontent
_atexto
_btxt
337 _2rdamedia
_asin mediación
_bn
338 _2rdacarrier
_avolumen
_bnc
500 _aIncluye datos biográficos de la autora en la solapa de la cubierta
590 _aInventariado, 2023/BT
700 1 _aZeller, Neici M.,
_eselección y prólogo
_983524
910 _aBtavárez
942 _2ddc
_cLBS1
999 _c53757
_d53757